LEADER 01709nam0 2200361 i 450 001 VAN0125715 005 20220311090141.560 017 70$2N$a9789811316456 100 $a20191203d2018 |0itac50 ba 101 $aeng 102 $aSG 105 $a|||| ||||| 200 1 $aSystematic Exploration of Indolizine-Based Small Fluorescent Molecules$eSynthesis, Analysis and Application$fYoungjun Lee 210 $aSingapore$cSpringer$d2018 215 $aXXV, 187 p.$cill.$d24 cm 410 1$1001VAN0104193$12001 $aSpringer theses$erecognizing outstanding Ph.D. research$1210 $aBerlin$cSpringer$d2010- 620 $aSG$dSingapore$3VANL000061 676 $a660.63$cBiochimica industriale. Ingegneria biochimica$v22 676 $a540$cChimica generale$v22 676 $a571.4$cBiofisica$v22 676 $a579$cMicrobiologia$v22 676 $a610.28$cIngegneria biomedica$v22 676 $a610.153$cFisica medica$v22 700 1$aLee$bYoungjun$3VANV097135$0769290 712 $aSpringer $3VANV108073$4650 801 $aIT$bSOL$c20240614$gRICA 856 4 $uhttps://link.springer.com/book/10.1007/978-981-13-1645-6$zE-book - Accesso al full-text attraverso riconoscimento IP di Ateneo, proxy e/o Shibboleth 899 $aBIBLIOTECA DEL DIPARTIMENTO DI SCIENZE E TECNOLOGIE AMBIENTALI BIOLOGICHE E FARMACEUTICHE$1IT-CE0101$2VAN17 912 $fN 912 $aVAN0125715 950 $aBIBLIOTECA DEL DIPARTIMENTO DI SCIENZE E TECNOLOGIE AMBIENTALI BIOLOGICHE E FARMACEUTICHE$d17CONS e-book 2112 $e17BIB2112/264 264 20191203 996 $aSystematic Exploration of Indolizine-Based Small Fluorescent Molecules$91568128 997 $aUNICAMPANIA LEADER 01534nam0 22003613i 450 001 VAN00283908 005 20251118112714.321 017 70$2N$a9784431565505 100 $a20241211d2017 |0itac50 ba 101 $aeng 102 $aJP 105 $a|||| ||||| 181 $ai$b e 182 $ab 183 $acr 200 1 $aDrebrin$eFrom Structure and Function to Physiological and Pathological Roles$fTomoaki Shirao, Yuko Sekino editors 210 $aTokyo$cSpringer$d2017 215 $aXII, 401 p.$cill.$d24 cm 410 1$1001VAN00064096$12001 $aAdvances in Experimental Medicine and Biology$1210 $aNew York$cPlenum$d2003-$v1006 620 $dTokyo$3VANL000048 676 $a571.6$cBiologia cellulare$v22 676 $a616.8$cNeurologia$v22 702 1$aSekino$bYuko$3VANV237601 702 1$aShirao$bTomoaki$3VANV237600 712 $aSpringer $3VANV108073$4650 801 $aIT$bSOL$c20251121$gRICA 856 4 $uhttps://link.springer.com/openurl?genre=book&isbn=978-4-431-56550-5$zE-book - Accesso al full-text attraverso riconoscimento IP di Ateneo, proxy e/o Shibboleth 899 $aBIBLIOTECA DEL DIPARTIMENTO DI SCIENZE E TECNOLOGIE AMBIENTALI BIOLOGICHE E FARMACEUTICHE$1IT-CE0101$2VAN17 912 $fN 912 $aVAN00283908 950 $aBIBLIOTECA DEL DIPARTIMENTO DI SCIENZE E TECNOLOGIE AMBIENTALI BIOLOGICHE E FARMACEUTICHE$d17CONS e-book 178 $e17BIB178/166 166 20241211 996 $aDrebrin$92215687 997 $aUNICAMPANIA